Bogotá un museo a cielo abierto guía de esculturas y monumentos conmemorativos en el espacio público (Registro nro. 36972)

Detalles MARC
000 -ENCABEZADO
Número de control [NR] 01454nam a2200289Ia 4500
008 - DE LONGITUD FIJA DE DATOS DE ELEMENTOS - INFORMACIÓN GENERAL
Elementos de longitud fija [NR] 130821s2008 ck gr spa
020 ## - NUMERO INTERNACIONAL NORMALIZADO PARA LIBROS [R]
Número Internacional Normalizado del libro [NR] 9789584426529
040 ## - FUENTE DE CATALOGACION [NR]
Agencia de catalogación original [NR] Co-BoUCM
Idioma de catalogación [NR] spa
041 00 - CODIGO DE IDIOMA [R]
Código de idioma para texto/pista de sonido o título separado [R] Español
245 00 - MENCION DE TITULO [NR]
Título [NR] Bogotá un museo a cielo abierto guía de esculturas y monumentos conmemorativos en el espacio público
Mención de responsabilidad, etc. [NR] Investigación histórica y recopilación de imágenes históricas: María Clara Torres y Hugo Delgadillo ; edición: Margarita Mariño ; fotografías: Jorge Alberto Martínez Quintero [y otros] ; planos: Ricardo Vélez y Laura Pombo Umaña.
260 ## - PUBLICACION, DISTRIBUCION, ETC. (PIE DE IMPRENTA) [R]
Lugar de publicación, distribución, etc. [R] Bogotá (Colombia)
Nombre del editor, distribuidor, etc. [R] Alcaldía Mayor de Bogotá, Instituto Distrital del Patrimonio Cultural
Fecha de publicación, distribución, etc. [R] 2008
300 ## - DESCRIPCION FISICA [R]
Extensión [R] 1 volumen[419 páginas
504 ## - NOTA DE BIBLIOGRAFIA, ETC. [R]
Nota de bibliografía, etc. [NR]
650 04 - ASIENTO SECUNDARIO DE MATERIA - TERMINO TEMATICO [R]
Término temático o nombre geográfico como elemento de entrada [NR] Arte
9 (RLIN) 9444
650 04 - ASIENTO SECUNDARIO DE MATERIA - TERMINO TEMATICO [R]
Término temático o nombre geográfico como elemento de entrada [NR] Escultura
Subdivisión geográfica [R] Bogotá (Colombia)
9 (RLIN) 7585
650 04 - ASIENTO SECUNDARIO DE MATERIA - TERMINO TEMATICO [R]
Término temático o nombre geográfico como elemento de entrada [NR] Estatuas
Subdivisión geográfica [R] Bogotá (Colombia)
9 (RLIN) 15047
650 04 - ASIENTO SECUNDARIO DE MATERIA - TERMINO TEMATICO [R]
Término temático o nombre geográfico como elemento de entrada [NR] Monumentos
Subdivisión geográfica [R] Bogotá (Colombia)
9 (RLIN) 19745
650 04 - ASIENTO SECUNDARIO DE MATERIA - TERMINO TEMATICO [R]
Término temático o nombre geográfico como elemento de entrada [NR] Sitios históricos
Subdivisión geográfica [R] Bogotá (Colombia)
9 (RLIN) 8116
700 1# - ASIENTO SECUNDARIO - NOMBRE PERSONAL [R]
Nombre personal [NR] Delgadillo, Hugo
9 (RLIN) 159251
700 1# - ASIENTO SECUNDARIO - NOMBRE PERSONAL [R]
Nombre personal [NR] Mariño, Margarita
9 (RLIN) 78127
700 1# - ASIENTO SECUNDARIO - NOMBRE PERSONAL [R]
Nombre personal [NR] Múnera, Natalia
9 (RLIN) 159252
700 1# - ASIENTO SECUNDARIO - NOMBRE PERSONAL [R]
Nombre personal [NR] Sierra, Yolanda
9 (RLIN) 159253
700 1# - ASIENTO SECUNDARIO - NOMBRE PERSONAL [R]
Nombre personal [NR] Torres, María Clara
9 (RLIN) 159254
710 1# - ASIENTO SECUNDARIO - NOMBRE CORPORATIVO [R]
Nombre corporativo o de jurisdicción como elemento de entrada [NR] Bogotá.
Unidad subordinada [R] Alcaldía Mayor.
-- Secretaria de Cultura, Recreación y Deporte.
-- Instituto Distrital de Patrimonio Cultural
9 (RLIN) 159255
942 ## - ELEMENTOS DE ENTRADA AGREGADOS (KOHA)
Tipo de ítem principal el descrito en 300a Libro
Tema principal Arte
Edición 1
Parte restante de la signatura top. A346b
Sistema de clasificación DEWEY
Clasificación 731.76
Existencias
Fecha de último préstamo Total préstamos Total Renewals Signatura topográfica Código de barras Última vez visto Volúmen / Fascículo Ejemplar Price effective from Tipo de ítem Perdido Sistema de clasificación Dañado No prestable Tipo de ítem específico Suprimido Ubicación habitual Ubicación actual Localización Fecha de creación Forma de adquisición Costo
09/05/2022 13 4 731.76 A346b 100123506 06/12/2025 V.1 Ej.1 03/02/2013 Libro   DEWEY     Libro   Claustro Claustro 2do piso 28/02/2012 Donación 26000.00